• Claretianum 29 (1989) 125-198.

di Personal Name

Records bibliografici associati: 1

001 - CONTROL NUMBER

  • control field: 35152

003 - CONTROL NUMBER IDENTIFIER

  • control field: IT-RoPau

005 - DATE AND TIME OF LATEST TRANSACTION

  • control field: 20150705203300.0

008 - FIXED-LENGTH DATA ELEMENTS

  • fixed length control field: 150705|| aca||aabn | a|a d

040 ## - CATALOGING SOURCE

  • Original cataloging agency: IT-RoPau
  • Transcribing agency: IT-RoPau

100 ## - HEADING--PERSONAL NAME

  • Personal name: Claretianum 29 (1989) 125-198.

670 ## - SOURCE DATA FOUND

  • Source citation: Work cat.: (IT-RoPau)23782: Giancarlo Rocca 33908, Elementi per la fisionomia di un Fondatore. Don Alberione e i suoi istituti. In: "
CREDITS: SOCIETA' SAN PAOLO Via A.Severo, 58 - ROMA (RM) & PERIODICI SAN PAOLO SRL Via Giotto, 36 MILANO & CISF Via Giotto, 36 MILANO & EDIZIONI SAN PAOLO SRL,  Piazza Soncino, 5 CINISELLO BALSAMO (MI) -- ITALY